| 000 | 02748cam a22003974a 4500 | ||
|---|---|---|---|
| 001 | 9763 | ||
| 003 | OSt | ||
| 005 | 20250812113212.0 | ||
| 008 | 001211s2001 nyuab b 001 0 eng | ||
| 010 | _a 00048480 | ||
| 020 | _a0810942534 | ||
| 020 | _a9780810942530 | ||
| 035 | _a12254183 | ||
| 040 |
_aDLC _cDLC _dDLC |
||
| 042 | _apcc | ||
| 050 | 0 | 0 |
_aSB470.5 _b.R64 2001 |
| 082 | 0 | 0 |
_a712.09 ROG _221 _b9763 |
| 100 | 1 |
_aRogers, Elizabeth Barlow, _d1936- |
|
| 245 | 1 | 0 |
_aLandscape design : _ba cultural and architectural history / _cElizabeth Barlow Rogers. |
| 260 |
_aNew York : _bHarry N. Abrams, _c2001. |
||
| 300 |
_a544 p. : _bill. (some col.), maps ; _c30 cm. |
||
| 336 |
_atext _btxt _2rdacontent |
||
| 337 |
_aunmediated _bn _2rdamedia |
||
| 338 |
_avolume _bnc _2rdacarrier |
||
| 504 | _aIncludes bibliographical references (p. 520-533). | ||
| 520 | _a"From Stonehenge to the royal gardens of Versailles, from the Nazca Lines of Peru to the Forbidden City of Beijing, from the great temple complexes of ancient Egypt to New York's Central Park, people throughout the world from the dawn of civilization have shaped the landscape around them. This book, a survey of the history of landscape design, considers what the evolution of human interaction with the land reveals about the development of society, and how the resulting cities, parks, and gardens embody the values of the cultures that planned and built them. Beginning with prehistoric caves and stone circles, and continuing through the cities and planned environments created by civilizations from ancient Egypt, Greece, and Rome up to the most exciting avant-garde gardens and earthworks of the present day, author Elizabeth Barlow Rogers discusses these superb landscapes in their historical and cultural contexts. Lavishly illustrated with hundreds of plans, drawings, and photographs, many made specifically for this book, Landscape Design: A Cultural and Architectural History will be an invaluable resource to scholars, architects, garden enthusiasts, and indeed to anyone who appreciates the place-making creations of both the great artists and the ordinary folk who have shaped the land."--Jacket. | ||
| 650 | 0 |
_aLandscape architecture _xHistory. |
|
| 650 | 0 | _agardens | |
| 650 | 0 | _anature architecture design | |
| 650 | 0 |
_aLandscape design _xHistory. |
|
| 856 | 4 | 1 |
_3Table of contents _uhttp://www.loc.gov/catdir/toc/fy031/00048480.html |
| 906 |
_a7 _bcbc _corignew _d1 _eocip _f20 _gy-gencatlg |
||
| 942 |
_2ddc _cBK _n0 |
||
| 999 |
_c9305 _d9305 |
||